01180nam a2200289Ia 450000100060000000300090000600800410001504000130005604000130006904100130008210000220009510000290011724000180014624000350016424500450019924500500024425000110029426000110030526000150031626000490033130000610038050003410044165000320078265000310081470000160084570000290086188436IT-RoPAU130308s9999 xx 000 0 und d aIT-RoPAU cIT-RoPAU aITALIANO aLomuto Ann Nicols gCodice Aut. SPICS: 31577 aA UNIX PRIMER gCodice Tit. Orig. Spics: T2080 aUnix-Con applicazioni di text-processing bEnciclopedia di Informatica-03-Cp/M-86 - Unix a1a ed. aMILANO bEtas Libri c1987 [1° Ed.:1987 - Ed.Ling.Originale:1987] a"201 p. (prefazione: no ; testo: 201 [pagine: 225-425])" a"Concetti Fondamentali Cos'E' L'Unix Terminale procedure Fondamentali Fondamenti di Editing Uso dei file impaginazione Automatica Editing Efficiente caratteristiche Avanzate di Formato Editing Avanzato Peculiarità di Unix impiego dei Manuali Come Addomesticare Il vostro Terminale Significato di ""?""Risposte Agli Esercizi Glossario" aENCICLOPEDIE DI INFORMATICA eCodice materia Spics: 4201 aLomuto Nico gCodice Aut. SPICS: 31578